Statistics for Villanova Basketball: Leading Scorer Every Year

Click here to take the quiz!

General Stats

  • This quiz has been taken 46 times
    (16 since last reset)
  • The average score is 20 of 73

Answer Stats

YearPlayerAverage% Correct
2017-2018Jalen Brunson18.9
93%
2021-2022Collin Gillespie15.6
86%
2020-2021Jeremiah Robinson-Earl15.7
79%
2016-2017Josh Hart18.7
79%
2015-2016Josh Hart15.5
79%
1995-1996Kerry Kittles20.4
64%
1994-1995Kerry Kittles21.4
64%
1993-1994Kerry Kittles19.7
64%
2019-2020Saddiq Bey16.1
64%
1949-1950Paul Arizin25.3
57%
1948-1949Paul Arizin22.0
57%
2018-2019Phil Booth18.6
57%
2014-2015Darrun Hilliard14.3
50%
2005-2006Randy Foye20.5
43%
2009-2010Scottie Reynolds18.2
43%
2007-2008Scottie Reynolds15.9
43%
1996-1997Alvin Williams17.1
36%
2012-2013JayVaughn Pinkston13.3
36%
1955-1956Jim Smith13.7
36%
1966-1967Johnny Jones18.9
36%
1967-1968Johnny Jones20.2
36%
1962-1963Wally Jones16.8
36%
1963-1964Wally Jones16.5
36%
2008-2009Dante Cunningham16.1
29%
1984-1985Ed Pinckney15.6
29%
1983-1984Ed Pinckney15.4
29%
1960-1961Hubie White21.2
29%
1961-1962Hubie White21.6
29%
1959-1960Hubie White19.0
29%
2003-2004Allan Ray17.3
21%
2004-2005Allan Ray16.2
21%
2010-2011Corey Fisher15.6
21%
1987-1988Doug West15.8
21%
1988-1989Doug West18.4
21%
1970-1971Howard Porter23.5
21%
1969-1970Howard Porter22.2
21%
1968-1969Howard Porter22.4
21%
2013-2014James Bell14.4
21%
1990-1991Lance Miller15.0
21%
1992-1993Lance Miller13.7
21%
1991-1992Lance Miller14.9
21%
2011-2012Maalik Wayns17.6
21%
1978-1979Alex Bradley17.3
14%
1964-1965Bill Melchionni19.4
14%
1965-1966Bill Melchionni27.6
14%
2006-2007Curtis Sumpter17.4
14%
1986-1987Harold Jensen15.9
14%
1985-1986Harold Pressley16.8
14%
1958-1959Joe Ryan15.4
14%
1980-1981John Pinone15.8
14%
1979-1980John Pinone14.5
14%
1981-1982John Pinone17.2
14%
1982-1983John Pinone16.7
14%
1999-2000Malik Allen14.2
14%
2000-2001Michael Bradley20.8
14%
1989-1990Tom Greis13.4
14%
1956-1957Al Griffith13.2
7%
1953-1954Bob Schafer27.0
7%
1954-1955Bob Schafer21.1
7%
2001-2002Gary Buchanan17.8
7%
2002-2003Gary Buchanan15.4
7%
1971-1972Hank Siemiontkowski19.1
7%
1957-1958Jack Kelly14.9
7%
1997-1998John Celestand13.2
7%
1998-1999John Celestand14.9
7%
1974-1975Keith Herron17.9
7%
1976-1977Keith Herron19.8
7%
1977-1978Keith Herron19.9
7%
1975-1976Keith Herron16.1
7%
1952-1953Larry Hennessy29.2
7%
1950-1951Larry Hennessy22.0
7%
1973-1974Larry Herron13.1
7%
1972-1973Tom Ingelsby25.5
7%

Score Distribution

Percentile by Number Answered

Percent of People with Each Score

Your Score History

You have not taken this quiz since the last reset